A közepe ott van, ahol vagy (Lapok a barna füzetből)

Bibliographic Details
Main Author: Bertók, László (Author)
Format: Article
Language:Hungarian
Subjects:

MARC

LEADER 00000nab a2200000 a 4500
001 vtls000549087
003 SK-MaSNL
005 20260303012137.0
008 160202c1995 xo 0 hun
015 |a SNBRB19rr/mm-uuuuu 
035 |a CL0549225 
040 |a SNKBUCL  |b slo  |c SNKBUCL  |e AACR2 
041 0 |a hun 
044 |a xo  |c SK 
080 |a 894.511-3=945.11  |2 1981 
100 1 |a Bertók, László  |4 aut  |9 447093 
245 1 0 |a A közepe ott van, ahol vagy  |b (Lapok a barna füzetből)  |c László Bertók 
650 0 7 |a črty  |2 snkbucl  |9 893809 
655 7 |a články z novín a časopisov  |2 snkbucl  |9 267496 
655 7 |a články z odboru literárna veda a krásna literatúra  |2 snkbucl  |9 770045 
773 0 |t Irodalmi szemle  |g Roč. 38, č. 4 (1995), s. 4-7 
850 |a Slovenská národná knižnica v Martine  |a DSG001 
852 |a SNK  |b KIS3GCP 
958 |a RK 
958 |a HU 
958 |a LX 
992 |a RBX 
999 |c 1595713  |d 1597643